| 000 | 00492nam a2200193Ia 4500 | ||
|---|---|---|---|
| 008 | 220216s9999 xx 000 0 und d | ||
| 100 | _aDevanesan S | ||
| 245 | 0 | _aInfluence of climate change on rubber honey production | |
| 260 |
_bNatural Rubber Research _c2011 |
||
| 300 | _a170-173 | ||
| 650 | _aClimate | ||
| 650 | _aHoney production | ||
| 650 | _aNectar | ||
| 650 | _aPowdery mildew | ||
| 650 | _aRefoliation | ||
| 700 | _aPremila K S | ||
| 700 | _aShailaja K K | ||
| 942 | _cJS | ||
| 999 |
_c61197 _d61197 |
||